| 000 | 00816nam a2200217Ia 4500 | ||
|---|---|---|---|
| 001 | 11293 | ||
| 003 | GE_BSU | ||
| 008 | 181216s||||||||xx |||||||||||||| ||und|| | ||
| 040 | _cGE_BSU | ||
| 080 | _a634.6(213) | ||
| 100 | _aხარებავა მ.ფ. | ||
| 245 | _aსუბტროპიკულ მცენარეთა ეკოლოგია | ||
| 245 | _bსახელმძღვ. სუბტროპიკული მეურნეობის უმაღლესი სასწავლებლებისათვის | ||
| 260 | _aთბილისი | ||
| 260 | _bცოდნა | ||
| 260 | _c1964 | ||
| 300 | _a343გვ.22სმ. | ||
| 300 | _eილ | ||
| 653 | _aსუბტროპიკულ მცენარეთა ეკოლოგია | ||
| 942 | _cBK | ||
| 999 |
_c44495 _d44495 |
||